|
|
|
|
| LEADER |
01065nam a2200253 a 4500 |
| 001 |
4035074 |
| 008 |
110223r19991998maua b 001 0 eng d |
| 010 |
|
|
|a 98038260
|
| 020 |
|
|
|a 0262600323 (pbk. : alk. paper)
|
| 020 |
|
|
|a 9780262600323
|
| 040 |
|
|
|a DLC
|c DLC
|d DLC
|d BD-DhAAL
|
| 082 |
0 |
0 |
|a 519.5
|2 21
|
| 245 |
0 |
0 |
|a Learning in graphical models /
|c edited by Michael I. Jordan.
|
| 260 |
|
|
|a Cambridge, Mass. :
|b MIT Press,
|c 1998.[Reprinted 1999]
|
| 300 |
|
|
|a vii, 634 p. :
|b ill. ;
|c 26 cm.
|
| 490 |
0 |
|
|a Adaptive computation and machine learning
|
| 500 |
|
|
|a Originally published: Boston : Kluwer Academic Publishers, 1998.
|
| 504 |
|
|
|a Includes bibliographical references and index.
|
| 541 |
1 |
|
|e 00021973
|
| 650 |
|
0 |
|a Graphical modeling (Statistics)
|
| 700 |
1 |
|
|a Jordan, Michael Irwin,
|d 1956-
|
| 852 |
4 |
|
|a Ayesha Abed Library
|j General shelf
|
| 999 |
|
|
|c 10480
|d 10480
|
| 952 |
|
|
|0 0
|1 0
|2 ddc
|4 0
|6 519_500000000000000_LEA
|7 0
|9 14432
|a BRACUL
|b BRACUL
|c GEN
|d 2011-02-24
|e Karim International
|g 5200.00
|l 1
|m 10
|o 519.5 LEA
|p 3010021973
|r 2022-06-30
|s 2022-04-16
|t 1
|w 2011-02-24
|y BK
|